[Event "Tradewise Gibraltar ChallWk1"]
[Site "Gibraltar"]
[Date "2018.01.22"]
[Round "1.23"]
[White "Gueler, Sebastian"]
[Black "Odeh, Kenneth"]
[Result "0-1"]
[WhiteElo "2120"]
[BlackElo "1922"]
[PlyCount "56"]
[EventDate "2018.01.22"]
[EventType "swiss"]
[EventRounds "5"]
[EventCountry "GGB"]

1. c4 e5 2. g3 Nc6 3. Bg2 g6 4. Nc3 Bg7 5. d3 d6 6. Rb1 Be6 7. b4 Qd7 8. b5 Nd8
9. Nd5 c6 10. bxc6 bxc6 11. Nc3 Nf6 12. Bg5 h6 13. Bxf6 Bxf6 14. Ne4 Be7 15.
Qa4 O-O 16. Nf3 f5 17. Nc3 Bf6 18. e4 f4 19. gxf4 exf4 20. d4 Bh3 21. Bxh3 Qxh3
22. Qd1 Ne6 23. e5 dxe5 24. dxe5 Bxe5 25. Ne4 Rad8 26. Qe2 Bc7 27. Rg1 Ba5+ 28.
Ned2 Ng5 0-1

[Event "Tradewise Gibraltar ChallWk1"]
[Site "Gibraltar"]
[Date "2018.01.22"]
[Round "1.24"]
[White "Ansari, Athar"]
[Black "Lacrosse, Marc"]
[Result "0-1"]
[WhiteElo "1919"]
[BlackElo "2117"]
[PlyCount "46"]
[EventDate "2018.01.22"]
[EventType "swiss"]
[EventRounds "5"]
[EventCountry "GGB"]

1. e4 e5 2. Nf3 Nc6 3. Bc4 Bc5 4. b4 Bxb4 5. c3 Ba5 6. Qb3 Qf6 7. O-O Bb6 8.
Na3 d6 9. Bb5 Nge7 10. Kh1 Bg4 11. Ng1 O-O 12. d3 Qh4 13. f4 Be6 14. Qc2 f5 15.
Nf3 Qh5 16. Ng5 Bd7 17. Bc4+ Kh8 18. Qb3 Na5 19. Qc2 fxe4 20. dxe4 Nxc4 21.
Nxc4 Qxg5 22. Nxb6 axb6 23. fxg5 Rxf1# 0-1

[Event "Tradewise Gibraltar ChallWk1"]
[Site "Gibraltar"]
[Date "2018.01.22"]
[Round "1.25"]
[White "Smith, Andrew Philip"]
[Black "Chibnall, Alana"]
[Result "1-0"]
[WhiteElo "2111"]
[BlackElo "1906"]
[PlyCount "73"]
[EventDate "2018.01.22"]
[EventType "swiss"]
[EventRounds "5"]
[EventCountry "GGB"]

1. e4 e5 2. d4 exd4 3. Qxd4 Nc6 4. Qe3 Nf6 5. Nc3 Bb4 6. Bd2 d6 7. O-O-O O-O 8.
Qg3 Ne5 9. f3 Be6 10. Nge2 Nc4 11. Bg5 Nh5 12. Qh4 f6 13. Qxh5 fxg5 14. Nd4 Bf7
15. Bxc4 Bxc4 16. Nd5 Bxd5 17. exd5 Qf6 18. Ne6 Bc5 19. Nxf8 Rxf8 20. Rhe1 Bd4
21. Re6 Qf4+ 22. Kb1 Bf6 23. Re4 Qf5 24. Qg4 Qxg4 25. Rxg4 Re8 26. Re4 Rxe4 27.
fxe4 Kf7 28. Rd3 Kg6 29. Rb3 b6 30. Rb4 h5 31. Rc4 Bd8 32. Kc1 Kf6 33. Kd2 Ke7
34. b4 Kd7 35. Rc3 Kc8 36. Rh3 g6 37. Rf3 1-0

[Event "Tradewise Gibraltar ChallWk1"]
[Site "Gibraltar"]
[Date "2018.01.22"]
[Round "1.26"]
[White "O'Neil, Jim"]
[Black "Osuna Vega, Enrique"]
[Result "0-1"]
[WhiteElo "1904"]
[BlackElo "2102"]
[PlyCount "76"]
[EventDate "2018.01.22"]
[EventType "swiss"]
[EventRounds "5"]
[EventCountry "GGB"]

1. e4 e6 2. d3 d5 3. Nd2 Nf6 4. Ngf3 Nc6 5. g3 dxe4 6. dxe4 e5 7. Bg2 Bc5 8.
O-O Bg4 9. Qe1 Qd7 10. Nc4 Qe6 11. Ne3 Bxe3 12. Qxe3 h6 13. Bd2 O-O 14. Bc3
Rfe8 15. Nd2 Rad8 16. f4 exf4 17. gxf4 Nd5 18. Qg3 Nxc3 19. Qxc3 Nd4 20. Kh1 f6
21. Nb3 Nxb3 22. axb3 a6 23. h3 Bh5 24. Qxc7 Be2 25. Rfc1 Bf3 26. Qc4 Qxc4 27.
bxc4 Bxe4 28. Re1 Bxg2+ 29. Kxg2 Rd2+ 30. Kf3 Rxe1 31. Rxe1 Rxc2 32. b3 Rc3+
33. Re3 Rxe3+ 34. Kxe3 g5 35. f5 h5 36. Kd4 Kf7 37. Kc5 g4 38. hxg4 h4 0-1

[Event "Tradewise Gibraltar ChallWk1"]
[Site "Gibraltar"]
[Date "2018.01.22"]
[Round "1.27"]
[White "Elomari, Anas"]
[Black "Kanbier, Max"]
[Result "1/2-1/2"]
[WhiteElo "2100"]
[BlackElo "1864"]
[PlyCount "66"]
[EventDate "2018.01.22"]
[EventType "swiss"]
[EventRounds "5"]
[EventCountry "GGB"]

1. d4 Nf6 2. c4 g6 3. Nc3 d5 4. Nf3 Bg7 5. e3 O-O 6. Bd2 Nc6 7. cxd5 Nxd5 8.
Bb5 Ncb4 9. a3 Nxc3 10. bxc3 Nd5 11. O-O c6 12. Bd3 Re8 13. h3 Qc7 14. Qb3 e6
15. Rab1 c5 16. Rfc1 b6 17. a4 Bd7 18. c4 Nf6 19. Ne5 Red8 20. a5 Rab8 21. Bc3
Ne8 22. Be2 Bxe5 23. dxe5 Bc6 24. axb6 axb6 25. Rd1 Rxd1+ 26. Qxd1 Ra8 27. Qb3
Ra6 28. Bf1 Kf8 29. Qb2 Qd7 30. Qe2 Ra3 31. Qb2 Ra6 32. Qe2 Ra3 33. Qb2 Ra6
1/2-1/2

[Event "Tradewise Gibraltar ChallWk1"]
[Site "Gibraltar"]
[Date "2018.01.22"]
[Round "1.28"]
[White "Minnema, Rens"]
[Black "Allor, Chukwuka"]
[Result "0-1"]
[WhiteElo "1837"]
[BlackElo "2099"]
[PlyCount "74"]
[EventDate "2018.01.22"]
[EventType "swiss"]
[EventRounds "5"]
[EventCountry "GGB"]

1. e4 c5 2. Nf3 d6 3. d4 cxd4 4. Nxd4 Nf6 5. Nc3 Nc6 6. Nxc6 bxc6 7. e5 dxe5 8.
Qxd8+ Kxd8 9. Bc4 e6 10. Bg5 Kc7 11. Bxf6 gxf6 12. Ne4 Be7 13. O-O-O f5 14. Ng3
Rg8 15. Rhg1 Rg4 16. Be2 Rb4 17. b3 a5 18. c3 Rh4 19. h3 a4 20. Kb2 axb3 21.
axb3 Ba3+ 22. Kb1 Bc5 23. Rgf1 Bb7 24. Kb2 Rg8 25. b4 Bb6 26. Rd2 e4 27. Rfd1
Bxf2 28. Rd7+ Kb8 29. Nh5 Bb6 30. g4 Rxh3 31. Rxf7 Rh2 32. Ng3 Rd8 33. Rxd8+
Bxd8 34. gxf5 exf5 35. Rxf5 Bc7 36. Rf8+ Ka7 37. Nxe4 Rxe2+ 0-1

[Event "Tradewise Gibraltar ChallWk1"]
[Site "Gibraltar"]
[Date "2018.01.22"]
[Round "1.29"]
[White "Pabalan, Rocky"]
[Black "Mayank, Pal"]
[Result "1/2-1/2"]
[WhiteElo "2098"]
[BlackElo "1834"]
[PlyCount "102"]
[EventDate "2018.01.22"]
[EventType "swiss"]
[EventRounds "5"]
[EventCountry "GGB"]

1. e4 c6 2. d4 d5 3. exd5 cxd5 4. c4 Nf6 5. Nc3 Nc6 6. Bg5 dxc4 7. d5 Ne5 8.
Bxc4 Nxc4 9. Qa4+ Bd7 10. Qxc4 h6 11. Bxf6 exf6 12. Nf3 Bd6 13. Qe2+ Qe7 14.
Qxe7+ Kxe7 15. O-O f5 16. Rfe1+ Kf6 17. g4 g6 18. h4 Rae8 19. g5+ hxg5 20.
hxg5+ Kg7 21. Kg2 a6 22. Rh1 Rxh1 23. Rxh1 Bf4 24. Rh4 Bd6 25. Na4 Bxa4 26.
Rxa4 Re2 27. b3 Bc5 28. Rc4 Rxf2+ 29. Kg3 Be3 30. Ne5 f4+ 31. Kh3 Rd2 32. Rc7
Rxd5 33. Nxf7 Kf8 34. Kg4 b5 35. Nh8 Rd6 36. Kf3 Re6 37. Nf7 Re7 38. Rxe7 Kxe7
39. Ne5 Ke6 40. Ke4 f3 41. Nxf3 Bc1 42. Ne5 Bxg5 43. Nxg6 Kd6 44. Ne5 Bf6 45.
Nd3 Bc3 46. Nf4 Kc6 47. Kd3 Be5 48. Ne2 Kc5 49. Nc1 a5 50. Kc2 Bc7 51. Nd3+ Kd4
1/2-1/2

[Event "Tradewise Gibraltar ChallWk1"]
[Site "Gibraltar"]
[Date "2018.01.22"]
[Round "1.30"]
[White "De Vega Fernandez, Francisco J"]
[Black "Jordan Martinez, David"]
[Result "0-1"]
[WhiteElo "1784"]
[BlackElo "2095"]
[PlyCount "76"]
[EventDate "2018.01.22"]
[EventType "swiss"]
[EventRounds "5"]
[EventCountry "GGB"]

1. e4 c5 2. Nc3 g6 3. f4 Bg7 4. Nf3 a6 5. Bc4 b5 6. Bd5 Ra7 7. d3 e6 8. Bb3 Ne7
9. O-O d5 10. a3 Bb7 11. Qe1 O-O 12. Qh4 c4 13. Ba2 Nbc6 14. f5 gxf5 15. Bh6
Bxh6 16. Qxh6 f6 17. Nh4 Nd4 18. Rae1 Rf7 19. Re3 Kh8 20. Rh3 Ra8 21. Ng6+ Nxg6
22. Qxg6 Rg7 23. Qh6 Qe7 24. Rf4 Rag8 25. g3 dxe4 26. dxe4 Nxc2 27. Rfh4 Nd4
28. Kf2 fxe4 29. Nxe4 Bxe4 30. Rxe4 Nf5 31. Qd2 e5 32. Bb1 Rd8 33. Qe2 Qc5+ 34.
Kf1 Qd5 35. Rg4 Rxg4 36. Qxg4 Qd1+ 37. Qxd1 Rxd1+ 38. Ke2 Rxb1 0-1

[Event "Tradewise Gibraltar ChallWk1"]
[Site "Gibraltar"]
[Date "2018.01.22"]
[Round "1.31"]
[White "Bolt, Graham"]
[Black "Wilson, Matthew R"]
[Result "0-1"]
[WhiteElo "2094"]
[BlackElo "1960"]
[PlyCount "65"]
[EventDate "2018.01.22"]
[EventType "swiss"]
[EventRounds "5"]
[EventCountry "GGB"]

1. Nf3 Nf6 2. g3 d5 3. Bg2 e6 4. O-O Be7 5. d3 O-O 6. Nbd2 c5 7. e4 Nc6 8. e5
Nd7 9. Re1 Qc7 10. Qe2 b6 11. Nf1 Bb7 12. c3 d4 13. c4 a6 14. h4 b5 15. b3 Rab8
16. Bf4 Nb6 17. N1d2 bxc4 18. bxc4 Na4 19. Ne4 Nc3 20. Nxc3 dxc3 21. Be3 Rfd8
22. Ng5 Nd4 23. Bxd4 cxd4 24. Ne4 Bxe4 25. Qxe4 Rb2 26. f4 Rdb8 27. f5 exf5 28.
Qxf5 c2 29. Rac1 Rb1 30. Qf1 Rxc1 31. Rxc1 Qxe5 32. Qf2 Rb1 33. Qxd4 0-1

[Event "Tradewise Gibraltar ChallWk1"]
[Site "Gibraltar"]
[Date "2018.01.22"]
[Round "1.32"]
[White "Livesey, R Nigel"]
[Black "Lung, Liviu-Catalin"]
[Result "0-1"]
[WhiteElo "1750"]
[BlackElo "2085"]
[PlyCount "76"]
[EventDate "2018.01.22"]
[EventType "swiss"]
[EventRounds "5"]
[EventCountry "GGB"]

1. c4 Nf6 2. g3 g6 3. Nc3 Bg7 4. Bg2 O-O 5. d3 d6 6. e4 c5 7. Nge2 Nc6 8. O-O
a6 9. h3 Rb8 10. a4 Nd7 11. Bg5 h6 12. Be3 Nd4 13. Rb1 e6 14. b4 Nxe2+ 15. Nxe2
cxb4 16. Rxb4 Qa5 17. Bd2 Qc7 18. Qc2 b5 19. axb5 Rxb5 20. Rxb5 axb5 21. Rc1
bxc4 22. dxc4 Ba6 23. Qa2 Nc5 24. Be3 Bb7 25. Qc2 Rb8 26. Nd4 Ba6 27. Bf1 Qb7
28. f3 f5 29. Nb5 fxe4 30. Nxd6 Qc6 31. Nb5 Nd3 32. Bxd3 exd3 33. Qxd3 Qxf3 34.
Kh2 Bb7 35. Rg1 Ra8 36. Qd2 Ra1 37. Rxa1 Bxa1 38. Qd8+ Kh7 0-1

[Event "Tradewise Gibraltar ChallWk1"]
[Site "Gibraltar"]
[Date "2018.01.23"]
[Round "2.1"]
[White "Osuna Vega, Enrique"]
[Black "Saber, Yasser"]
[Result "1/2-1/2"]
[WhiteElo "2102"]
[BlackElo "2244"]
[PlyCount "121"]
[EventDate "2018.01.22"]
[EventType "swiss"]
[EventRounds "5"]
[EventCountry "GGB"]

1. Nf3 d6 2. c4 f5 3. b4 Nf6 4. Bb2 e5 5. g3 Be7 6. Bg2 O-O 7. O-O Qe8 8. Nc3
Qh5 9. Nd5 Bd8 10. e3 Be6 11. d4 Bxd5 12. cxd5 e4 13. Nd2 Qxd1 14. Rfxd1 Nxd5
15. a3 Nd7 16. Nc4 N7b6 17. Na5 Rb8 18. Rac1 c6 19. Rc2 a6 20. Bf1 Nc7 21. Be2
Nb5 22. Bc1 Rf7 23. Kf1 Kf8 24. Ke1 Nd5 25. Kd2 c5 26. dxc5 dxc5 27. Bxb5 cxb4
28. axb4 Nxb4 29. Ba3 Bxa5 30. Rb1 Rd8+ 31. Ke2 axb5 32. Bxb4+ Bxb4 33. Rxb4
Rd5 34. Rcb2 Ke7 35. Rxb5 Rxb5 36. Rxb5 Kd6 37. f3 Kc6 38. Rb2 b5 39. fxe4 fxe4
40. Rb4 Re7 41. Kd2 Kc5 42. Rd4 Ra7 43. Rxe4 Ra2+ 44. Kc3 Rxh2 45. Re5+ Kb6 46.
Re7 g6 47. Kb4 Rb2+ 48. Kc3 Re2 49. Kd3 Rh2 50. e4 Rh3 51. Kd4 h5 52. Re6+ Ka5
53. Rxg6 h4 54. gxh4 Rxh4 55. Kd5 b4 56. e5 b3 57. e6 b2 58. Rg1 Kb4 59. e7 Rh8
60. Kd6 Kb3 61. Rb1 1/2-1/2

[Event "Tradewise Gibraltar ChallWk1"]
[Site "Gibraltar"]
[Date "2018.01.23"]
[Round "2.2"]
[White "Allor, Chukwuka"]
[Black "Galvan, Jesus"]
[Result "1-0"]
[WhiteElo "2099"]
[BlackElo "2223"]
[PlyCount "115"]
[EventDate "2018.01.22"]
[EventType "swiss"]
[EventRounds "5"]
[EventCountry "GGB"]

1. g3 e5 2. c4 Nc6 3. Bg2 Bc5 4. Nc3 a6 5. a3 d6 6. Nf3 Nge7 7. b4 Ba7 8. Bb2
O-O 9. O-O Kh8 10. Nd5 Nxd5 11. cxd5 Ne7 12. Qb3 c6 13. dxc6 bxc6 14. d4 e4 15.
Nd2 d5 16. Qc3 a5 17. bxa5 Ba6 18. Rfe1 Nf5 19. e3 Nd6 20. a4 Nc4 21. Nxc4 Bxc4
22. Bxe4 Rb8 23. Bc2 Re8 24. Reb1 Qf6 25. Qd2 Rxb2 26. Rxb2 c5 27. Rab1 cxd4
28. exd4 g6 29. Rb6 Bxb6 30. axb6 Kg7 31. b7 Rb8 32. Qf4 Qxf4 33. gxf4 Ba6 34.
Rb6 Bxb7 35. Bb3 h5 36. Bxd5 Rd8 37. Bxb7 Rxd4 38. Bc6 Rxf4 39. a5 Rc4 40. a6
Rc1+ 41. Kg2 Ra1 42. Bb5 g5 43. Rb7 Kf6 44. a7 Ke5 45. Rxf7 Kd5 46. Be2 g4 47.
h3 Kc5 48. hxg4 hxg4 49. Bxg4 Kb6 50. Bf3 Rxa7 51. Rxa7 Kxa7 52. Kg3 Kb6 53.
Kf4 Kc7 54. Ke5 Kd7 55. Kf6 Kd6 56. Be4 Kd7 57. f4 Ke8 58. Kg7 1-0

[Event "Tradewise Gibraltar ChallWk1"]
[Site "Gibraltar"]
[Date "2018.01.23"]
[Round "2.3"]
[White "Richards, Heather S"]
[Black "Jordan Martinez, David"]
[Result "1/2-1/2"]
[WhiteElo "2223"]
[BlackElo "2095"]
[PlyCount "90"]
[EventDate "2018.01.22"]
[EventType "swiss"]
[EventRounds "5"]
[EventCountry "GGB"]

1. e4 c5 2. c3 e6 3. d4 d5 4. exd5 exd5 5. Nf3 Nf6 6. Be2 Nc6 7. O-O Bd6 8. Bg5
Be6 9. Na3 a6 10. Nc2 O-O 11. Ne3 Re8 12. c4 Nxd4 13. Nxd4 cxd4 14. Qxd4 dxc4
15. Bxf6 gxf6 16. Rad1 Be7 17. Qf4 Qb8 18. Qh6 b5 19. Bf3 Bf8 20. Qh4 Ra7 21.
Be4 h6 22. Ng4 Bxg4 23. Qxg4+ Bg7 24. Qf5 Qe5 25. Qh7+ Kf8 26. Bc6 Rc8 27. Rfe1
Qc5 28. Re3 f5 29. Bf3 f4 30. Re2 Re7 31. Rxe7 Qxe7 32. Qf5 Rd8 33. Rxd8+ Qxd8
34. Qxf4 Bxb2 35. Qxh6+ Kg8 36. g3 Qd3 37. Kg2 c3 38. Qg5+ Qg6 39. Qd8+ Kg7 40.
Qd4+ Qf6 41. Qg4+ Qg6 42. Qb4 Qd3 43. Qg4+ Qg6 44. Qd4+ Qf6 45. Qg4+ Qg6
1/2-1/2

[Event "Tradewise Gibraltar ChallWk1"]
[Site "Gibraltar"]
[Date "2018.01.23"]
[Round "2.4"]
[White "Bendayan Claros, Aaron"]
[Black "Elishev, Ivan"]
[Result "1/2-1/2"]
[WhiteElo "2191"]
[BlackElo "2087"]
[PlyCount "75"]
[EventDate "2018.01.22"]
[EventType "swiss"]
[EventRounds "5"]
[EventCountry "GGB"]

1. d4 g6 2. c4 Nf6 3. Nc3 d5 4. Nf3 Bg7 5. Qb3 dxc4 6. Qxc4 O-O 7. e4 a6 8. Be2
b5 9. Qb3 c5 10. dxc5 Bb7 11. e5 Nfd7 12. Be3 Nxe5 13. Nxe5 Bxe5 14. Rd1 Qc7
15. Nd5 Bxd5 16. Qxd5 Nc6 17. Bf3 Rac8 18. Qxc6 Qxc6 19. Bxc6 Rxc6 20. Rd2 a5
21. Ke2 f5 22. f4 Bf6 23. Rhd1 Kf7 24. Rc2 Ke6 25. Kf3 Rb8 26. Re2 Rc7 27. c6
Kf7 28. Rc1 b4 29. Kf2 a4 30. Rc4 b3 31. a3 Ra8 32. Bb6 Rcc8 33. Rd2 Ra6 34.
Rd8 Raa8 35. Rd2 Ra6 36. Rd8 Raa8 37. Rd2 Ra6 38. Rd8 1/2-1/2

[Event "Tradewise Gibraltar ChallWk1"]
[Site "Gibraltar"]
[Date "2018.01.23"]
[Round "2.5"]
[White "Lung, Liviu-Catalin"]
[Black "Dolzhikova, Olga"]
[Result "0-1"]
[WhiteElo "2085"]
[BlackElo "2187"]
[PlyCount "86"]
[EventDate "2018.01.22"]
[EventType "swiss"]
[EventRounds "5"]
[EventCountry "GGB"]

1. e4 c5 2. Nf3 e6 3. d4 cxd4 4. Nxd4 a6 5. Nc3 Qc7 6. g3 b5 7. Bg2 Bb7 8. O-O
d6 9. a4 b4 10. Na2 Nf6 11. Re1 a5 12. Nb5 Qd7 13. Bf4 e5 14. Bg5 Na6 15. Bxf6
gxf6 16. Qf3 Be7 17. Rad1 Rd8 18. Rxd6 Bxd6 19. Qxf6 Rg8 20. Rd1 Be7 21. Rxd7
Bxf6 22. Rxb7 Nc5 23. Nc7+ Kf8 24. Rb5 Rd1+ 25. Bf1 Nxe4 26. Kg2 Rd2 27. Nd5
Bd8 28. Nc1 Rxf2+ 29. Kg1 Rxc2 30. Nd3 f6 31. Ne3 Rc8 32. Bh3 Rc7 33. Be6 Rg5
34. Rb8 Ke8 35. Bf5 Nd2 36. Kf2 Nc4 37. g4 Nxe3 38. Kxe3 Rgg7 39. Ke4 Rc4+ 40.
Kd5 Rgc7 41. Ke6 e4 42. Nf4 e3 43. Bd3 Rxf4 0-1

[Event "Tradewise Gibraltar ChallWk1"]
[Site "Gibraltar"]
[Date "2018.01.23"]
[Round "2.6"]
[White "Lochte, Thomas"]
[Black "Kozarcanin, Sead"]
[Result "1/2-1/2"]
[WhiteElo "2169"]
[BlackElo "2048"]
[PlyCount "156"]
[EventDate "2018.01.22"]
[EventType "swiss"]
[EventRounds "5"]
[EventCountry "GGB"]

1. e4 e5 2. Nf3 Nc6 3. Bc4 Bc5 4. b4 Bxb4 5. c3 Be7 6. d4 exd4 7. Qb3 Na5 8.
Bxf7+ Kf8 9. Qa4 Kxf7 10. Qxa5 c5 11. Qxd8 Bxd8 12. cxd4 cxd4 13. O-O Bb6 14.
Na3 Ne7 15. Nc4 d5 16. Nxb6 axb6 17. exd5 Nxd5 18. Bb2 Re8 19. Nxd4 Bd7 20.
Rfd1 Ra4 21. a3 h6 22. Rac1 Bg4 23. Nb5 Bxd1 24. Nd6+ Kf8 25. Nxe8 Re4 26. Rxd1
Rxe8 27. g3 Rd8 28. Bd4 Rd7 29. Rb1 Rd6 30. a4 Rc6 31. Rb5 Nc3 32. Bxc3 Rxc3
33. Rxb6 Rc4 34. Rxb7 Rxa4 35. h4 h5 36. Kg2 Kg8 37. Rb5 g6 38. Rb7 Ra3 39. Re7
Kf8 40. Re3 Ra4 41. Kf3 Kf7 42. Re4 Ra2 43. Ke3 Kf6 44. Rb4 Ra5 45. Rb6+ Kf5
46. Rb3 Kf6 47. Rd3 Rb5 48. f3 Rb6 49. Rd4 Rb5 50. Rd6+ Kf5 51. Rd3 Ra5 52. Rb3
Rc5 53. Kd4 Ra5 54. Rb4 Kf6 55. Rc4 Ra1 56. Ke4 Re1+ 57. Kf4 Re6 58. Rc8 Ra6
59. Rf8+ Kg7 60. Re8 Kf6 61. g4 hxg4 62. fxg4 Ra4+ 63. Re4 Ra1 64. g5+ Kf7 65.
Rb4 Rf1+ 66. Kg3 Ra1 67. Rb7+ Kf8 68. Kf4 Ra5 69. Rb4 Kf7 70. Kg4 Rc5 71. h5
gxh5+ 72. Kxh5 Rc6 73. g6+ Kg7 74. Rb7+ Kg8 75. Kh6 Rc8 76. Rg7+ Kh8 77. Rf7
Kg8 78. Rf6 Rc1 1/2-1/2

[Event "Tradewise Gibraltar ChallWk1"]
[Site "Gibraltar"]
[Date "2018.01.23"]
[Round "2.7"]
[White "Sanz Losada, Victoriano"]
[Black "Pavlov, Egor"]
[Result "1/2-1/2"]
[WhiteElo "2050"]
[BlackElo "2165"]
[PlyCount "80"]
[EventDate "2018.01.22"]
[EventType "swiss"]
[EventRounds "5"]
[EventCountry "GGB"]

1. e4 c5 2. Nf3 Nc6 3. d4 cxd4 4. Nxd4 Nf6 5. Nc3 e5 6. Ndb5 d6 7. a4 a6 8. Na3
Be7 9. Bc4 O-O 10. O-O Bg4 11. f3 Be6 12. Be3 Rc8 13. Bd5 Na5 14. Qd3 Qc7 15.
Rfc1 h6 16. Kh1 Rfe8 17. Ne2 Nxd5 18. exd5 Bd7 19. b3 f5 20. c4 Bf6 21. Rab1 b6
22. c5 dxc5 23. b4 e4 24. fxe4 fxe4 25. Qd1 Nb7 26. a5 Qd8 27. bxc5 Nxc5 28.
axb6 Nd3 29. Rxc8 Qxc8 30. b7 Qc7 31. Qb3 Qb8 32. Qb6 Be5 33. g3 Bg4 34. Nd4
Bxg3 35. hxg3 Qxg3 36. b8=Q Bf3+ 37. Nxf3 Qxf3+ 38. Kh2 Qh5+ 39. Kg2 Qf3+ 40.
Kh2 Qh5+ {Kh1 [%emt 00:00:23]} 1/2-1/2

[Event "Tradewise Gibraltar ChallWk1"]
[Site "Gibraltar"]
[Date "2018.01.23"]
[Round "2.8"]
[White "Ungureanu, Sandu"]
[Black "Ranaivoharisoa, Alain"]
[Result "1/2-1/2"]
[WhiteElo "2033"]
[BlackElo "2142"]
[PlyCount "79"]
[EventDate "2018.01.22"]
[EventType "swiss"]
[EventRounds "5"]
[EventCountry "GGB"]

1. d4 d5 2. Bf4 Nf6 3. e3 e6 4. Nf3 c5 5. Bxb8 Rxb8 6. Bb5+ Bd7 7. Bxd7+ Qxd7
8. O-O Bd6 9. Nbd2 O-O 10. dxc5 Bxc5 11. c4 Rfd8 12. Nb3 Qe7 13. Qe2 Bb6 14.
cxd5 Nxd5 15. Rfd1 Qf6 16. g3 h6 17. Kg2 Qg6 18. Rac1 Rbc8 19. Rxc8 Rxc8 20.
Rc1 Rd8 21. Rc4 Qb1 22. a4 Qa2 23. Nc1 Qb1 24. Nb3 a6 25. e4 Nf6 26. Rb4 Ba7
27. Rxb7 Bxf2 28. Kxf2 Nxe4+ 29. Kg2 Rc8 30. Kh3 Ng5+ 31. Nxg5 Qf5+ 32. g4 Qxg5
33. Nd2 h5 34. gxh5 Rd8 35. Qf3 f5 36. Ne4 fxe4 37. Qxe4 Qxh5+ 38. Kg3 Qg5+ 39.
Kh3 Qh6+ 40. Kg3 1/2-1/2

[Event "Tradewise Gibraltar ChallWk1"]
[Site "Gibraltar"]
[Date "2018.01.23"]
[Round "2.9"]
[White "Sanz Wawer, Daniel"]
[Black "Janiszewski, Maciej"]
[Result "1/2-1/2"]
[WhiteElo "2134"]
[BlackElo "2029"]
[PlyCount "111"]
[EventDate "2018.01.22"]
[EventType "swiss"]
[EventRounds "5"]
[EventCountry "GGB"]

1. d4 c5 2. c3 e6 3. Nf3 Nf6 4. e3 Nc6 5. Nbd2 b6 6. Bd3 Bb7 7. O-O Qc7 8. b3
cxd4 9. cxd4 Nb4 10. Bc4 a6 11. a3 Nbd5 12. Bb2 b5 13. Bd3 Nc3 14. Qe1 Rc8 15.
Rc1 b4 16. Ne5 a5 17. Nb1 Nfd5 18. e4 Nf4 19. Nxc3 bxc3 20. Rxc3 Bc6 21. Ba6
Rb8 22. Nxc6 dxc6 23. d5 c5 24. Rg3 e5 25. a4 f6 26. Bc3 Bd6 27. Bxa5 Qe7 28.
Bb5+ Kf7 29. Bd2 g5 30. Rc3 h5 31. g3 Nh3+ 32. Kg2 g4 33. f3 Rh7 34. Qe2 h4 35.
fxg4 hxg3 36. hxg3 Rbh8 37. Kf3 Nf4 38. Bxf4 exf4 39. e5 Bxe5 40. Bc4 Qb7 41.
Qe4 Kg7 42. Rc2 Rh3 43. Rg2 Qb4 44. Qf5 Rd8 45. g5 Qc3+ 46. Bd3 Qd4 47. gxf6+
Kf8 48. Qxh3 Qxd3+ 49. Kg4 Qg6+ 50. Kf3 Qd3+ 51. Kg4 Qg6+ 52. Kf3 Qd3+ 53. Kg4
Qg6+ 54. Kf3 Qd3+ 55. Kg4 Qg6+ 56. Kf3 1/2-1/2

[Event "Tradewise Gibraltar ChallWk1"]
[Site "Gibraltar"]
[Date "2018.01.23"]
[Round "2.10"]
[White "Hamer, Martyn"]
[Black "Herzwurm, Robert"]
[Result "1-0"]
[WhiteElo "2020"]
[BlackElo "2123"]
[PlyCount "75"]
[EventDate "2018.01.22"]
[EventType "swiss"]
[EventRounds "5"]
[EventCountry "GGB"]

1. Nf3 d5 2. d4 Nc6 3. g3 Bf5 4. Bg2 e6 5. O-O Nf6 6. c4 dxc4 7. Qa4 Qd7 8.
Qxc4 Nd5 9. a3 Be4 10. Nc3 Na5 11. Qa2 Nxc3 12. bxc3 Bd5 13. Qc2 f6 14. e4 Bb3
15. Qb2 Bc4 16. Re1 Nb3 17. Rb1 Rb8 18. Nd2 Nxd2 19. Qxd2 c6 20. Qd1 Be7 21.
Qh5+ g6 22. Qh6 Bf8 23. Qf4 Qd8 24. Bh3 g5 25. Qe3 h5 26. f3 Qc7 27. Bf1 Bxf1
28. Rxf1 Bh6 29. Qd3 g4 30. Qc4 Qd6 31. fxg4 Bxc1 32. Rbxc1 Ke7 33. Rf4 Rbg8
34. Rcf1 Rxg4 35. Rxf6 Rxg3+ 36. Kh1 Rg7 37. Qd3 Rhg8 38. Qf3 1-0

[Event "Tradewise Gibraltar ChallWk1"]
[Site "Gibraltar"]
[Date "2018.01.23"]
[Round "2.11"]
[White "Lacrosse, Marc"]
[Black "Adewole, Adeyinka"]
[Result "1-0"]
[WhiteElo "2117"]
[BlackElo "2001"]
[PlyCount "105"]
[EventDate "2018.01.22"]
[EventType "swiss"]
[EventRounds "5"]
[EventCountry "GGB"]

1. d4 d5 2. c4 e6 3. Nf3 Nf6 4. Nc3 Be7 5. Bg5 O-O 6. e3 Nbd7 7. cxd5 exd5 8.
Qc2 c6 9. Bd3 Re8 10. O-O Nf8 11. Rab1 h6 12. Bh4 g5 13. Bg3 Nh5 14. b4 Nxg3
15. hxg3 Bd6 16. b5 Bd7 17. bxc6 bxc6 18. Na4 Kg7 19. Nc5 Bxc5 20. Qxc5 Ne6 21.
Qd6 Qe7 22. Qxe7 Rxe7 23. Rfc1 Rc8 24. Rb7 Kf8 25. Rxa7 Be8 26. Rxe7 Kxe7 27.
Bf5 Kd6 28. Kf1 Ra8 29. Rc2 Ng7 30. Bd3 Ra3 31. Ke2 f6 32. Ne1 Ne6 33. Rb2 c5
34. Nc2 Rc3 35. Rb6+ Bc6 36. Kd2 cxd4 37. exd4 Rxc2+ 38. Kxc2 Nxd4+ 39. Kc3 Kc5
40. Rb8 Ne6 41. Rh8 Kd6 42. Rxh6 Ke5 43. Rh1 d4+ 44. Kb4 Bxg2 45. Re1+ Kd6 46.
Be4 Bxe4 47. Rxe4 Kd5 48. Rxe6 Kxe6 49. Kc4 Ke5 50. Kd3 f5 51. a4 g4 52. a5 Kd6
53. Kxd4 1-0

[Event "Tradewise Gibraltar ChallWk1"]
[Site "Gibraltar"]
[Date "2018.01.23"]
[Round "2.12"]
[White "Odeh, Kenneth"]
[Black "Smith, Andrew Philip"]
[Result "1-0"]
[WhiteElo "1922"]
[BlackElo "2111"]
[PlyCount "53"]
[EventDate "2018.01.22"]
[EventType "swiss"]
[EventRounds "5"]
[EventCountry "GGB"]

1. e4 e5 2. Nf3 d6 3. Nc3 c6 4. d4 Nd7 5. Bc4 Qe7 6. O-O h6 7. a4 Qf6 8. a5 a6
9. Be3 Ne7 10. h3 g5 11. Nh2 Ng6 12. Ng4 Qg7 13. dxe5 dxe5 14. g3 Nc5 15. f4
gxf4 16. gxf4 h5 17. Nf6+ Qxf6 18. fxe5 Qxe5 19. Bxf7+ Ke7 20. Qf3 Bh6 21. Bxg6
Bxe3+ 22. Qxe3 Rg8 23. Nd5+ Kd8 24. Nf4 Nxe4 25. Qb6+ Ke7 26. Rae1 Rxg6+ 27.
Nxg6+ 1-0

[Event "Tradewise Gibraltar ChallWk1"]
[Site "Gibraltar"]
[Date "2018.01.23"]
[Round "2.13"]
[White "Plotkin, Victor"]
[Black "Fathallah, Joe"]
[Result "1/2-1/2"]
[WhiteElo "2242"]
[BlackElo "1962"]
[PlyCount "109"]
[EventDate "2018.01.22"]
[EventType "swiss"]
[EventRounds "5"]
[EventCountry "GGB"]

1. d4 f5 2. c4 Nf6 3. Nc3 d6 4. g3 g6 5. Bg2 Bg7 6. Nf3 O-O 7. O-O c6 8. b4 Ne4
9. Bb2 Be6 10. Qc2 d5 11. c5 Nd7 12. a4 Bf7 13. e3 Qe8 14. Nxe4 dxe4 15. Nd2
Nf6 16. Nc4 Bd5 17. Rfb1 g5 18. Bc1 Bh6 19. Ne5 Qh5 20. Bd2 f4 21. Qd1 f3 22.
Bf1 Ng4 23. Nxg4 Qxg4 24. b5 Rf6 25. bxc6 bxc6 26. Rb7 Bf8 27. Ba6 Rh6 28. Kh1
Be6 29. Qg1 Bc8 30. Bc4+ Be6 31. Bxe6+ Qxe6 32. Rab1 g4 33. Ba5 Qc4 34. Qd1 Qa6
35. Bc7 Re8 36. a5 Bg7 37. Qf1 Qxf1+ 38. Rxf1 Ra8 39. a6 e5 40. dxe5 Re6 41.
Rb8+ Rxb8 42. Bxb8 Re7 43. Bd6 Re6 44. Bb8 Re7 45. Bd6 Re6 46. Bb8 Re7 47. Bd6
Re6 48. Bb8 Re7 49. Bd6 Re6 50. Bb8 Re7 51. Bd6 Re6 52. Bb8 Re7 53. Bd6 Re6 54.
Bb8 Re7 55. Bd6 1/2-1/2

[Event "Tradewise Gibraltar ChallWk1"]
[Site "Gibraltar"]
[Date "2018.01.23"]
[Round "2.14"]
[White "Bozinovic, Boban"]
[Black "Guthrie, David"]
[Result "1/2-1/2"]
[WhiteElo "1972"]
[BlackElo "2181"]
[PlyCount "78"]
[EventDate "2018.01.22"]
[EventType "swiss"]
[EventRounds "5"]
[EventCountry "GGB"]

1. e4 e5 2. Nf3 Nc6 3. d4 exd4 4. Nxd4 Nf6 5. Nxc6 bxc6 6. e5 Qe7 7. Qe2 Nd5 8.
c4 Ba6 9. b3 g6 10. g3 Bg7 11. Bb2 O-O 12. Bg2 Rae8 13. O-O Bxe5 14. Qxe5 Qxe5
15. Bxe5 Rxe5 16. cxd5 Bxf1 17. Kxf1 cxd5 18. Nc3 c6 19. Rc1 Rfe8 20. Bf3 Kf8
21. h4 Ke7 22. Ne2 Kd6 23. Nf4 Rb8 24. Nd3 Ree8 25. Rc5 f5 26. Ra5 Rb7 27. Be2
Re7 28. Ke1 h6 29. Kd2 g5 30. hxg5 hxg5 31. Nc5 Rc7 32. b4 Rh7 33. Ba6 Ke5 34.
Ra3 Kf6 35. Rf3 d6 36. Nb3 g4 37. Rf4 c5 38. Be2 Ke5 39. Bd1 Rh5 1/2-1/2